Musa'nın mücahiti (Record no. 10661)

MARC details
000 -BAŞLIK
Sabit Uzunlukta Kontrol Alanı 00793na a2200265 4500
001 - KONTROL NUMARASI
Denetim Alanı 24089
003 - KONTROL NUMARASI IDENTIFIER
Denetim Alanı MIRAKIL
005 - SON İŞLEM TARİHİ VE ZAMANI
Denetim Alanı 20181213155330.0
008 - SABİT-BOY VERİ ELEMANLARI - GENEL BİLGİLER
Sabit Uzunlukta Kontrol Alanı 180418b tu 000 0
020 ## - ULUSLARARASI STANDART KİTAP NUMARASI
Uluslararası Standart Kitap Numarası 9789944337
040 ## - KATALOGLAMA KAYNAK
Orijinal Kataloglama Ajansı Milas
Kataloglama Dili tur
Metne Dönüştürmek Ajansı TR-AnCHP
041 ## - DİL KODU
Metin / Ses Parça Veya Ayrı Başlığın Dil Kodu tur
082 ## - DEWEY ONLU SINIFLANDIRMA NUMARASI
Sınıflandırma Numarası 923.2 Arınç,B.
Ürün Numarası P69m 2007
090 ## - SINIFLAMA NUMARASI
Sınıflama Numarası 923.2 Arınç,B. P69m 2007
100 ## - ANA GİRİŞ - KİŞİSEL İSİM
Kişisel Ad Poyraz, Ergün
245 ## - BAŞLIK TABLOSU
Başlık Musa'nın mücahiti
Sorumluluk Tablosu, Vb Ergün Poyraz
260 ## - YAYIN, DAĞITIM, VB
Yayın, Dağıtım, Vb Yeri İstanbul
Yayıncı, Dağıtıcı, Vs Adı Togan Yayıncılık
Yayın, Dağıtım, Vb Tarihi 2007
Üretici Firma Çalış ofset
300 ## - FİZİKSEL TANIM
Kapsam 222 s.
Boyutlar 21 sm.
440 ## - SERİSİ TABLOSU / KATMA GİRİŞİ - BAŞLIK
Başlık Togan yayınları
Hacim / Ardışık Tanımı 09
490 ## - SERİSİ TABLOSU
Seri Beyanı Araştırma İnceleme
Hacim / Ardışık Tanımı 09
600 ## - KONU KATMA GİRİŞ - KURUMSAL ADI
Kişisel Ad Arınç, Bülent
Bir Adıyla İlişkilendirilen Tarihler 1948-
Genel Alt Bölümü Yaşamöyküsü
650 ## - KONU KATMA GİRİŞ - TOPİKAL DÖNEM
Topikal Süreli Veya Coğrafi Ad Giriş Elemanı Siyasetçiler
Genel Alt Bölümü Yaşamöyküsü
-- Türkiye
650 ## - KONU KATMA GİRİŞ - TOPİKAL DÖNEM
Topikal Süreli Veya Coğrafi Ad Giriş Elemanı Siyaset ve yönetim
Genel Alt Bölümü Türkiye
942 ## - EKLENDİ GİRİŞ ELEMANLARI (KOHA)
Sınıflandırma Veya Raf Düzeni Kaynak
Koha Öğesi Türü Books
999 ## - SİSTEM KONTROL NUMARALARI (KOHA)
Koha Biblionumber 10661
Koha Biblioitemnumber 10661
Holdings
Kalıcı Konum Mevcut Konum Edinme Tarihi Edinim Kaynak Toplam Check-Out'Lar Tam Çağrı Numarası Barkod Tarih Son Görülme İtibaren Geçerli Fiyatlar Koha Öğesi Türü
CHP Kütüphanesi CHP Kütüphanesi 03/21/2018 Bağış   923.2 Arınç,B. P69m 2007 018120 03/21/2018 03/21/2018 Books